1277 1679 1129 1209 1885 1476 1084 1724 1925 1769 1046 1649 1278 1622 1328 1896 1615 1424 1263 1091 1136 1957 1607 1897 1572 1293 1697 1345 1573 1688 1227 1507 1158 1587 1565 1568 1244 1923 1204 1383 1486 1394 1619 1156 1706 1092 1428 1775 1532 1007 1038 1799 1099 1134 1541 1080 1193 1208 1213 1004 1209 1852 1697 1224 1987 1325 1807 1309 1845 1210 1962 1411 1765 1968 1985 1897 1068 1833 1374 1994 1287 1387 1442 1000 1139 1671 1501 1255 1702 1244 1195 1881 1890 1029 1769 1625 1341 1150 1708 BCNSPRNW ULIB Ver.6.0+V

เปลี่ยนเป็นภาษาไทย

Change to English
 แสดงรายละเอียดบรรณานุกรม
  กลับหน้าหลัก

Brief Record : Get Marc (ISO 2709) : E-mail record : QR code < ปิดหน้าต่าง
LEADER : 00000nam 2200000uu 4500
001    13399113011
003     ULIB
008    110426s2006||||th 000 0 eng d
020    9746957643
050  4 PE1128.A2^bว378ภ 2006
100 0  W.warren
245 10 ภาษาอังกฤษพื้นฐาน =^bFoundamental English /^cW.warren
246 31 Foundamental English
250    พิมพ์ครั้งที่ 1
260    กรุงเทพฯ :^bวังอักษร,^c2006
300    168 หน้า
650  7 แบบฝึกหัดภาษาอังกฤษ
945    ^p0^l0^i021052
945    ^p0^l0^i021053
995    ทศพร
999 ^a ใช้งานได้ทุกระบบ
รายการนี้ยังไม่มีแท็ก
คุณยังไม่ได้ล็อกอิน คุณสามารถมีกิจกรรมร่วมกับเว็บไซต์ได้ แต่ต้องล็อกอินก่อน ::
  ล็อกอิน

รายการสื่อสารสนเทศ

ลำดับที่ ประเภท เลขเรียก/บาร์โค้ด สถานที่ สถานะ
- ไม่พบข้อมูล -

รายการใกล้เคียง
    ผู้แต่ง [W.warren]

    หัวเรื่อง [แบบฝึกหัดภาษาอังกฤษ]

BibComment


ยังไม่เคยถูกคอมเมนท์

คอมเมนท์ทรัพยากรรายการนี้
  คอมเมนท์: ภาษาอังกฤษพื้นฐาน..


 Copyright 2026. Bcnsprnw @Library